Apex Legends Lore quiz - Statistics

General Stats
  • This quiz has been taken 190 times
  • The average score is 12 of 23
Answer Stats
Hint Answer % Correct
Who is originally from another dimension? Wraith
92%
Who is technically over 100 years old? Horizon
71%
Who is known as the "Grenado-tornado" on Salvo? Fuse
68%
Who blew off their own legs with a frag grenade? Octane
68%
Who is the child of the titan-pilot Viper? Valkyrie
67%
Who has lived for over 300 years and died multiple times? Revenant
66%
Who killed a horrific beast with the core of a charge rifle? Bloodhound
63%
Which character first appears in the titanfall series? Ash
61%
Who is known as the "Middle finger" of Salvo? Mad Maggie
60%
Who acts very confident when they in fact are very lonely? Mirage
58%
Which character was orphaned when they were a child? Loba
56%
Who is a retired legend who has returned to the apex games? Ballistic
53%
Who carries around and older version of the Sentinel? Vantage
51%
Who secretly has cancer and is trying to hide it? Caustic
43%
Who's sister stole a program that could predict the winner in every game? Crypto
42%
Who has been fired multiple times from countless amounts of jobs? Pathfinder
41%
Who is part of a small friend group/club of witches? Catalyst
38%
Who was thought to be "cursed" when they were born? Seer
36%
Who was poisoned by a titanfall battery resulting in their powers? Conduit
35%
Who is using their winnings money to fund a trip home? Bangalore
33%
Who is a rebel child doing everything they can to defy their parents? Lifeline
33%
Who was believed to be dead before appearing in the apex games? Newcastle
27%
Who is responsible for the forest burning down on Kings Canyon? Wattson
18%
No matching quizzes found
Score Distribution
Percent of People with Each Score
Percentile by Number Answered
Your Score History
You have not taken this quiz